|
|
|
|
| LEADER |
00637cam a2200217 7i4500 |
| 001 |
0000049125 |
| 005 |
20151104090000.0 |
| 005 |
##20151104163000.0 |
| 003 |
##MY-KlINT |
| 020 |
# |
# |
|a 1560526874
|
| 039 |
# |
9 |
|y 201511041630
|z VLOAD
|
| 090 |
0 |
0 |
|a 658.402222
|b HON
|
| 100 |
1 |
# |
|a Honig, Bruce
|
| 245 |
0 |
0 |
|a Creative collaboration :
|b Simple tools for inspired teamwotk.
|
| 260 |
# |
# |
|a Menlo Park:
|b Crisp Learning,
|c 2003.
|
| 300 |
# |
# |
|a x,110p:
|b ill;
|c 26cm.
|
| 490 |
0 |
# |
|a Fifty- minute series
|
| 500 |
# |
# |
|a Includes bibliographical reference
|
| 650 |
# |
0 |
|a Creative ability in business
|
| 650 |
# |
0 |
|a Teams in the work place
|
| 700 |
0 |
# |
|a Rostain, Alain
|